Stephen King in One Word Quiz Stats

Quiz Updated May 2, 2016

Challenge
Share
Tweet
Embed
Score 0/20 Timer 04:00
4 Plays Today
Hint Novel % Correct
ClownIt
97.1%
PromCarrie
93%
HotelThe Shining
82.9%
PyrokinesisFirestarter
77.9%
RabiesCujo
76.4%
BedriddenMisery
76%
VirusThe Stand
53.9%
PlymouthChristine
49.1%
VampireSalem's Lot
48.5%
MouseThe Green Mile
45%
Hint Novel % Correct
GypsyThinner
44.2%
MarathonThe Long Walk
41%
ToddlerPet Sematary
34.1%
ComaThe Dead Zone
30.6%
TelevisedThe Running Man
27.7%
SparrowsThe Dark Half
25.9%
PulseCell
23.4%
KoufaxNeedful Things
22.4%
PrinceThe Eyes of the Dragon
20.3%
EclipseDolores Claiborne
19.2%

You're not logged in!

Compare scores with friends on all Sporcle quizzes.
Sign Up with Email
OR
Log In

You Might Also Like...

Show Comments

Extras

Top Quizzes Today


Score Distribution

Your Account Isn't Verified!

In order to create a playlist on Sporcle, you need to verify the email address you used during registration. Go to your Sporcle Settings to finish the process.